| 000 | 00000nam##2200000za#4500 |
| 001 | 9.697940 |
| 003 | CaOODSP |
| 005 | 20210624235714 |
| 007 | cr ||||||||||| |
| 008 | 150407|2001||||xxc|||||o f|0| 0 eng|d |
| 040 | |aCaOODSP|beng |
| 043 | |an-cn--- |
| 086 | 1 |aA22-234/2001E-PDF |
| 110 | 1 |aCanada. |bAgriculture and Agri-Food Canada. |
| 245 | 10|aSupporting local solutions to local challenges : |h[electronic resource]|bread on to find a variety of services and programs for rural Manitobans |
| 260 | |aOttawa - Ontario : |bAgriculture and Agri-Food Canada |cc2001. |
| 300 | |a16p. |
| 500 | |aHistorical publication digitized by Agriculture and Agri-Food Canada. |
| 590 | |a13-17-Supp|b2013-07-25 |
| 690 | 07|aGovernment services|2gcpds |
| 690 | 07|aRural development|2gcpds |
| 690 | 07|aWestern provinces|2gcpds |
| 775 | 08|tFavoriser des solutions locales à des problèmes locaux : |w(CaOODSP)9.641770 |
| 856 | 40|ahttp://publications.gc.ca|qPDF|s733 KB|uhttps://publications.gc.ca/collections/collection_2013/aac-aafc/agrhist/A22-234-2001-eng.pdf |
| 986 | |a2090 |